000 00935nam a2200265Ia 4500
003 OSt
005 20220923211502.0
006 a|||||r|||| 00| 0
007 ta
008 220922b |||||||| |||| 00| 0 pan d
020 _a9789352044900 (hbk)
_c220
024 _a328,783
037 _b1023, 08/03/2018, H.K. Prakashan
_cTextual
040 _aARTS
_cARTS
_bpan
041 _2pan
_apan
082 _aO153,3NGUx, Q8
100 _aਕੁਮਾਰ, ਗੁਰਚਰਨ ਸਿੰਘ, ਂਚ.
_9156325
245 0 _aਮਤਰੇਈ ਪਤਨੀ
260 _aਚੰਡੀਗੜ
_b ਯੂਨੀਸਟਾਰ
_c2018
300 _a104ਪ0
_ccm.
650 _a ਪੰਜਾਬੀ ਕਹਾਣੀ
650 _aਪੰਜਾਾਬੀ ਸਾਹਿਤ
_9156350
942 _hO153,3NGUx, Q8
_cTEXL
_2CC
999 _c300027
_d300027